[Event "IRI-ch U12"]
[Site "Chess.com INT"]
[Date "2021.01.16"]
[Round "5"]
[White "Pahlavanzadeh, Yalta"]
[Black "Khosravi, Korosh"]
[Result "0-1"]
[WhiteElo "1041"]
[BlackElo "1324"]
[PlyCount "114"]
[EventDate "2021.01.16"]
[EventType "swiss"]
[EventRounds "11"]
[EventCountry "IRI"]
[SourceTitle "EXT 2022"]
[Source "ChessBase"]
[SourceDate "2021.10.06"]
[SourceVersion "1"]
[SourceVersionDate "2021.10.06"]
[SourceQuality "1"]

1. e4 e5 2. Nf3 d5 3. exd5 e4 4. Qe2 Nf6 5. Ng5 Qxd5 6. Qb5+ Qd7 7. Qxd7+ Nbxd7 8. Nc3 Nc5 9. Bc4 Be6 10. Bxe6 fxe6 11. 0-0 h6 12. Nh3 Bd6 13. Nb5 Kf7 14. Nxd6+ cxd6 15. b3 e5 16. Ba3 Rac8 17. Bxc5 Rxc5 18. c4 g5 19. Kh1 Ke6 20. Ng1 a5 21. Ne2 d5 22. Rac1 d4 23. Ng3 Rhc8 24. Rce1 b5 25. cxb5 Kd5 26. Nf5 Ng8 27. Ng3 Nf6 28. Nf5 R8c7 29. Nxh6 Rxb5 30. Ra1 Ke6 31. f3 exf3 32. gxf3 Rbc5 33. Ng4 Rc2 34. Nxf6 Kxf6 35. Rfd1 Rb2 36. Rdc1 Rxc1+ 37. Rxc1 Rxa2 38. Rc6+ Kf5 39. Ra6 Rxd2 40. Rxa5 Kf4 41. Ra8 Kxf3 42. Rf8+ Ke3 43. Rf5 e4 44. Rxg5 Rb2 45. Rg3+ Kf4 46. Rh3 d3 47. Rh4+ Ke3 48. Rg4 Rxb3 49. Rg3+ Kd4 50. Rg1 d2 51. Rd1 Kd3 52. Kg2 Ke2 53. Rf1 Rf3 54. Rxf3 exf3+ 55. Kg3 d1Q 56. h4 Qg1+ 57. Kh3 f2 0-1